00562nam a2200181Ia 4500003000900000008004100009040001600050080001600066245004800082260003000130300001600160500008000176650004100256650002000297650001900317650001800336700002600354IN-BaIIA211028s9999 xx 000 0 eng d cIIA Library a629.19bSCH 0aBioastronauticscedited by Karl E. Schaefer aNew YorkbMacmillanc1964 aviii, 406p. aElectronic reproduction. [S.l.] : HathiTrust Digital Library, 2010. MiAaHDL aAstronomy and Astrophysics Thesaurus aBioastronautics aSpace biology. aSpace Flight. aSchaefer, E. Karl ed.